000 00980nam a22002777a 4500
999 _c21545
_d21545
003 AR-CdUCM
008 190311b ||||| |||| 00| 0 spa d
020 _a9786123173319
040 _aMUNICIPALIDAD PROVINCIAL DEL CUSCO
_cBIBLIOTECA MUNICIPAL DEL CUSCO
082 _a340.7/B29
_bB29
100 _aBarletta Villarán, María Consuelo
_945310
245 _aDerecho de la niñez y adolescencia /
_cMaría Consuelo Barletta Villarán
260 _aLima :
_bPontificia Universidad Católica del Perú,
_c2018.
300 _a168 páginas. :
_c21 cm.
440 _aColección Lo Esencial del Derecho,
_n29.
_945311
500 _zBibliografía: p. 161-165
650 _aDerecho
_9739
650 _aEstudio y enseñanza
_92610
650 _aDerechos del niño
_92988
650 _aAspectos sociales
_9262
650 _aJusticia de menores
_945312
650 _aPerú
_945313
710 _aPontificia Universidad Católica del Perú
_9400
942 _2ddc
_cLIBROS
945 _aRoel